Teamwork in practice : (Record no. 129284)

MARC details
000 -LEADER
fixed length control field 00771nam a22002417a 4500
005 - DATE AND TIME OF LATEST TRANSACTION
control field 20170124110053.0
010 ## - LIBRARY OF CONGRESS CONTROL NUMBER
LC control number A-760406
020 ## - INTERNATIONAL STANDARD BOOK NUMBER
Terms of availability 00.00
International Standard Book Number 8172244304
035 ## - SYSTEM CONTROL NUMBER
System control number A-760406
037 ## - SOURCE OF ACQUISITION
Source of stock number/acquisition Cen Lib/Ret
040 ## - CATALOGING SOURCE
Original cataloging agency DPL
Language of cataloging EN
082 ## - DEWEY DECIMAL CLASSIFICATION NUMBER
Classification number 658.3124
Item number HAR
100 ## - MAIN ENTRY--PERSONAL NAME
Personal name Haringham, Alison
9 (RLIN) 25927
245 ## - TITLE STATEMENT
Title Teamwork in practice :
Statement of responsibility, etc by Alison Hardingham [and] Jenny Royal
Remainder of title Pulling together /
260 ## - PUBLICATION, DISTRIBUTION, ETC. (IMPRINT)
Place of publication, distribution, etc Mumbai
Name of publisher, distributor, etc Jaico Publishing House
Date of publication, distribution, etc 1995
270 ## - ADDRESS
Address 121, M. G. Road
City Mumbai
Postal code 400001
300 ## - PHYSICAL DESCRIPTION
Extent vi,190p. :
Dimensions 21cm(Hb)
Other physical details ill.
500 ## - GENERAL NOTE
General note Includes bibliographical references and index
650 ## - SUBJECT ADDED ENTRY--TOPICAL TERM
Topical term or geographic name as entry element Teammanagement
9 (RLIN) 25928
650 ## - SUBJECT ADDED ENTRY--TOPICAL TERM
Topical term or geographic name as entry element Teams
9 (RLIN) 25929
700 ## - ADDED ENTRY--PERSONAL NAME
Personal name Royal, Jenny
9 (RLIN) 25930
942 ## - ADDED ENTRY ELEMENTS (KOHA)
Source of classification or shelving scheme Dewey Decimal Classification
Koha item type English Books
Classification part 658.3124
Call number suffix HAR
Holdings
Withdrawn status Lost status Damaged status Not for loan Home library Current library Date acquired Source of acquisition Cost, normal purchase price Total Checkouts Full call number Barcode Date last seen Copy number Cost, replacement price Price effective from Koha item type Public note
Written off       Central Library Central Library 06/07/2015 Cen Lib/Ret 0.00   658.3124 HAR A-760406 06/07/2015 1 0.00 06/07/2015 English Books W/d List No. 6875/25; dtd 22/08/2020

© Delhi Public Library
Hit Counter
free hit counter